000 00717cam a2200241Ma 4500
008
020 _a9780713681482 (pbk.)
090 _aHD30.23
_bMAK
245 0 0 _aMake effective decisions :
_bhow to weigh up the options and make the right choice.
260 _aLondon :
_bA. & C. Black,
_c2007.
300 _aviii, 86 p. ;
_c18 cm.
440 _aSteps to success.
440 _aStep to step
504 _aIncludes bibliographical references.
650 0 _aDecision making.
650 0 _aChoice (Psychology)
907 _a.b10342540
_b04-06-14
_c04-06-14
003
005 20230123122054.0
040 _cNUST
049 _aMAIN
942 _cBOOKS
_kHD30.23
_mMAK
999 _c127308
_d127308